00686nam a22002052 45000010005000000030008000050050017000130080040000300350018000700400027000880410008001150820027001232450080001502500030002302600033002603000028002936500033003216500057003547850069004118049BD-RjUL20211208234521.0160802m1927 enk 000 0 eng d a(BD-RjUL)8094 aNDLcNDLdBD-RjULbeng aeng a348.04bENG V-32 192704aThe English and empire digest :bwith complete and exhaustive annotations / aBlue-band replacement ed. aLondon :bButterworth,c1927 axxxiv ,560 p. :c26 cm  0aLaw reports zGreat Britain. 0aLaw reports, digests, etc.zCommonwealth of Nations.00aEnglish and empire digest. Continuation volumew(UkOxU)015168537